Statistics for Youtubers to Country

Click here to take the quiz!

General Stats

  • This quiz has been taken 51 times
    (42 since last reset)
  • The average score is 12 of 20

Answer Stats

YouTuber Country % Correct
PewDiePieSweden
94%
JustinBieberVEVOCanada
82%
EminemVEVOUnited States
79%
KatyPerryVEVOUnited States
76%
TaylorSwiftVEVOUnited States
76%
SmoshUnited States
74%
Fine BrothersUnited States
74%
OneDirectionVEVOUnited Kingdom
74%
TheEllenShowUnited States
71%
JennaMarblesUnited States
68%
nigahigaUnited States
68%
MachinimaUnited States
59%
YouTube SpotlightUnited States
59%
ERBUnited States
53%
RihannaVEVOBarbados
50%
VanossGamingCanada
38%
HolaSoyGermanChile
35%
elrubiusOMGSpain
26%
VEGETTA777Spain
18%
YuyaMexico
18%

Score Distribution

Percentile by Number Answered

Percent of People with Each Score

Your Score History

You have not taken this quiz since the last reset